000 00670nam a2200241Ia 4500
003 OSt
005 20221007082017.0
006 a|||||r|||| 00| 0
007 ta
008 221006b |||||||| |||| 00| 0 eng d
024 _a28,080
037 _cTextual
040 _aFLL
_cFLL
_beng
041 _2eng
_aeng
082 _aZ73:4y7, K9
100 _aGregory Charles O.
_9684205
245 0 _aCases and materials on torts
260 _aToronto
_bLittle, Brown and Company Toronto
_c1969
300 _alxix,1351p
_ccm.
700 _a Kalven Harry
942 _hZ73:4y7, K9
_cTEXL
_2CC
999 _c1165022
_d1165022